| 000 | 01030nam0a22002771 4500 | ||
|---|---|---|---|
| 001 | v19\rc\1917174 | ||
| 005 | 20260405162234.0 | ||
| 035 | _a(NLR Aleph) 005265562 | ||
| 090 |
_a5945720 _c5945720 |
||
| 100 | _a20080404d1912 |||y0rusy50 ca | ||
| 101 | 0 | _arus | |
| 102 | _aRU | ||
| 105 | _aa z |||a| | ||
| 200 | 1 |
_aМалыши _eРассказы и стихи Ив. Белоусова _fРис. В. Спасского |
|
| 205 | _a6-е изд. | ||
| 210 |
_aСанкт-Петербург _cА.Д. Ступин _d1912 |
||
| 215 |
_a60, [4] с. _cил. _d19 |
||
| 700 | 1 |
_8rus _7ca _aБелоусов _bИ. А. _cписатель, поэт _f1863-1930 _gИван Алексеевич _3RU\NLR\AUTH\7768575 _951503 |
|
| 702 | 1 |
_aСпасский _bВ.В. _f1873-1924 _gВасилий Васильевич _4440 |
|
| 801 | 0 |
_aRU _bNLR _c20080404 _gpsbo |
|
| 801 | 0 |
_aRU _bRuMoRGB _c20080404 _2psbo |
|
| 801 | 1 |
_aRU _bProSoft-M _c20080404 _2rusmarc |
|
| 801 | 2 |
_aRU _bNLR _c20080927 _2rusmarc |
|
| 852 |
_aNLR _j18.267.8.158 |
||
| 942 | _cBOOK | ||
| 980 | _aNB | ||